Can you name all of the bugsnax? - Statistics

General Stats
  • This quiz has been taken 390 times
  • The average score is 35 of 111
Answer Stats
Snak Name % Correct
Bunger
94%
Strabby
83%
Fryder
69%
White Strabby
65%
BBQ Bunger
57%
Mama Mewon
57%
Sweetiefly
56%
Rootle
55%
Shishkabug
55%
Razzby
52%
Dr Sodie
48%
White Rootle
48%
Weenyworm
47%
Crapple
45%
Megamaki
45%
Sandopede
45%
Kweeble
44%
Pinkle
44%
Minimaki
42%
Poptick
42%
Wee Mewon
42%
Scoopy
41%
Cobhopper
40%
Black Razzby
39%
Cheepoof
39%
Crispy Snakpod
39%
Daddy Cakelegs
39%
Sub Sandopede
39%
Banopper
38%
Caramel Poptick
38%
Kwookie
38%
Bopsicle
37%
Green Lollive
36%
Inchwrap
35%
Noodler
35%
Bunger Royale
34%
Red Banopper
34%
Sweet Fryder
34%
Baby Cakelegs
33%
Eggler
33%
Scoopy Banoopy
33%
Orange Peelbug
32%
Spuddy
32%
Tropicabug
32%
White Cheepoof
32%
Ruby Peelbug
31%
Golden Kweeble
29%
Green Crapple
29%
Instabug
29%
Big Bopsicle
28%
Green Peelbug
28%
Hunnabee
28%
Lovely Sweetiefly
28%
Mothza Supreme
28%
Mt Sodie
28%
Rainbow Sweetiefly
28%
Shy Weenyworm
28%
Chippie
27%
Cinnasnail
27%
Grumpy Snakpod
27%
Snaquiri
27%
Tacroach
27%
Crystal Sweetiefly
26%
Flamin Cheepoof
26%
Millimochi
26%
Baja Tacroach
25%
Black Lollive
25%
Bombino
25%
Cheddorb
25%
Cheery
25%
Flapjackarak
25%
Pineantula
25%
Preying Picantis
25%
Stewdler
25%
Twisty Snakpod
25%
Waffstackarak
25%
Yellow Peelbug
25%
Paletoss
24%
Cheezer
23%
Lesser Cocomite
23%
Ribblepede
23%
Grapeskeeto
22%
Greater Cocomite
22%
Green Grapeskeeto
22%
Loaded Spuddy
22%
Scorpenyo
22%
Sherbie
22%
Sprinklepede
22%
La Sodieux
21%
Sodie D
21%
Pielobite
20%
Scorpepper
20%
Spaghider
20%
Flutterjam
19%
Meaty Snakpod
19%
Nutty Snakpod
19%
Paletoss Grande
19%
Charmallow
18%
Chillynilly
18%
Chocolant
18%
Deviled Eggler
18%
Fruity Snakpod
18%
Aggroll
17%
Buffalocust
17%
Cellystix
17%
Cheddaboardle Rex
15%
Incherito
15%
Melty Snakpod
15%
Tikkada Masala
15%
Puffy Snakpod
13%
Clawbsteroni
11%
No matching quizzes found
Score Distribution
Percent of People with Each Score
Percentile by Number Answered
Your Score History
You have not taken this quiz